000 00244nam a2200109Ia 4500
008 220216s9999 xx 000 0 und d
245 0 _aCovid shockil rubber
260 _bKarshakasree
_c2020
300 _a58-60
650 _aRubber
942 _cJS
999 _c56485
_d56485